000 00527nam a2200205Ia 4500
003 OSt
005 20250428185028.0
008 210423s2010 xx 000 0 und d
020 _a9788184896718
040 _cAL
041 _aeng
082 _a516.36 LANF
100 _aLANG (Serge).
_991086
245 _aFundamentals of differential geometry.
260 _aNew York
_bSpringer Pvt Ltd
_c2010
300 _axvii,535
_bPB
365 _b595
_cINR
906 _adifferential ; Fundamentals ; geometry.
942 _2ddc
_cBK
999 _c160301
_d160301